| 000 | 00834nam a22001577a 4500 | ||
|---|---|---|---|
| 003 | OSt | ||
| 005 | 20160630104408.0 | ||
| 008 | 160630b xxu||||| |||| 00| 0 eng d | ||
| 040 | _cRUA | ||
| 082 | _aVEM SEM 2015 B484 Or.1 | ||
| 100 |
_98559 _aSEM PHEA RUN; សែម ភារុន |
||
| 245 | _aStudy on gumboro's disease of local chicken and their antibodies by using ha and hi-test at borset district, kampongspeu province, សិក្សាលើជំងឺហ្គុំបូរ៉ូរបស់ពូជមាន់ក្នុងស្រុក និងអង់ទីក័ររបស់វាតាមរយៈ Ha និង HI-Test ក្នុងស្រុកបរសេដ្ឋ ខេត្តកំពង់ស្ពឺ | ||
| 260 |
_aPhnom Penh _bRUA _c2015 |
||
| 300 |
_ax,34p. _bill. _c29cm. |
||
| 942 |
_2ddc _cVEM |
||
| 999 |
_c8204 _d8204 |
||